Cities in Norway - Statistics

General Stats
  • This quiz has been taken 26 times
  • The average score is 24 of 52
Answer Stats
City % Correct
Oslo
100%
Bergen
96%
Stavanger
92%
Trondheim
92%
Tromsø
88%
Ålesund
80%
Drammen
76%
Lillehammer
76%
Kristiansand
64%
Molde
64%
Bodø
56%
Hamar
56%
Hammerfest
56%
Fredrikstad
52%
Kirkenes
52%
Sandnes
52%
Alta
48%
Asker
48%
Lillestrøm
48%
Narvik
48%
Harstad
44%
Kristiansund
44%
Sarpsborg
44%
Tønsberg
44%
Arendal
40%
Haugesund
40%
Mandal
40%
Moss
40%
Porsgrunn
40%
Sandefjord
40%
Ski
40%
Grimstad
36%
Halden
36%
Horten
36%
Larvik
36%
Skien
36%
Steinkjer
32%
Egersund
28%
Florø
28%
Gjøvik
28%
Jessheim
28%
Kongsberg
28%
Kongsvinger
28%
Namsos
28%
Risør
28%
Vadsø
28%
Hønefoss
24%
Sandvika
24%
Holmestrand
20%
Farsund
16%
Flekkefjord
16%
Notodden
16%
No matching quizzes found
Score Distribution
Percent of People with Each Score
Percentile by Number Answered
Your Score History
You have not taken this quiz